000 00553nam a2200205Ia 4500
005 20250508162102.0
008 008 250505s9999 xx 000 0 eng d
020 _a0-7153-5889-8
037 _aTextual
040 _aFEDL
_beng
_cFEDL
041 _aeng
_2eng
084 _a370.9, SEA
_qFEDL
100 _aSeaborne Malcolm Ed.
_9772252
245 0 _aHistory of education, V 1
260 _aNewton
_bAbbot David and Charles
_c1972
300 _a230p
650 _aEducation
942 _cTEXL
_h370.9, SEA
999 _c1374288
_d1374288